00410nam a22001577a 450000500170000000800410001702000180005804100080007608200150008410000270009924500290012625000090015526000620016430000130022665000130023920210906151933.0200520b xxu||||| |||| 00| 0 eng d a9788174733610 aeng a574.19 RAM aRambabu, Dr. Kondreddy aTextbook of Biochemistry a2'nd aDelhibWHO Monographs on Selected Medicinal Plant Ic2014 a770,xvii aPharmacy